Nomi dei calciatori - Quiz n°16 - Statistics

Statistiche generali
  • Questo quiz è stato fatto 120 volte
  • Il punteggio medio è 8 su 10
Statistiche sulle risposte
Hint Risposta % Corretto
Perišić Ivan
91%
Paredes Leandro
90%
Robben Arjen
88%
Telles Alex
85%
Caprari Gianluca
84%
Bacca Carlos
83%
Cole Joe
80%
Aké Nathan
78%
Gomis Alfred
73%
Santon Davide
71%
Nessun quiz corrispondente trovato
Distribuzione punteggi
Percentuale di utenti per punteggio
Percentile per numero di risposta
I tuoi punteggi nel tempo
Non hai fatto questo quiz